Statistiche per Cessioni più costose - Paris Saint-Germain

Clicka qui per fare il quiz!

Statistiche generali

  • Questo quiz è stato fatto 13 volte
  • Il punteggio medio è 9 su 21

Statistiche sulle risposte

Costo (M €)ANazioneAnnoCalciatore% Corretto
28,40TottenhamBrasile2018Lucas Moura
100%
32,25BarcellonaBrasile2004Ronaldinho
89%
35ChelseaBrasile2016David Luiz
78%
40ValenciaPortogallo2018Gonçalo Guedes
78%
12West Ham UtdGermania2022Thilo Kehrer
78%
25JuventusFrancia2017Blaise Matuidi
67%
24,70RomaArgentina2018Javier Pastore
67%
25TottenhamCosta d'Avorio2017Serge Aurier
67%
13Red Bull LipsiaFrancia2019Christopher Nkunku
44%
19LiverpoolFrancia2013Mamadou Sakho
44%
20RennesFrancia2022Arnauld Kalimuendo
33%
12Lokomotiv MoscaPolonia2019Grzegorz Krychowiak
33%
22Real Betis SivigliaArgentina25019Giovanni Lo Celso
22%
16,50BarcellonaFrancia2016Lucas Digne
22%
15Bayer LeverkseunFrancia2019Moussa Diaby
22%
24Athletic BilbaoSpagna2018Yuri Berchiche
22%
16Red Bull LipsiaFrancia2017Jean-Kévin Augustin
0%
14,33Newcastle UnitedFrancia2001Laurent Robert
0%
15Manchester CityFrancia2002Nicolas Anelka
0%
12,50NizzaFrancia2019Stanley Nsoki
0%
13,90Crystal PalaceFrancia2015Yohan Cabaye
0%

Distribuzione punteggi

Percentile per numero di risposta

Percentuale di utenti per punteggio

I tuoi punteggi nel tempo

Non hai fatto questo quiz